00525nam a2200193Ia 4500003000400000005001700004008004000021020001800061040000700079041001200086082001600098100003200114245006400146250000600210260005200216300001200268650001400280650003700294OSt20251105102606.0210210b1978 xxu||||| |||| 00| 0 eng d a0 632 00459 2 cAL aEnglish a546.22 GOLM aGOLTERMAN (H L) and others. aMethods for physical and chemical analysis of fresh waters. a2 aLondonbBlackwell Scientific Publicationsc1978 axvi,213 awaters.Ed aWater Physical Chemical Analysis